In welche Himmelsrichtung musst du gehen? #1 - Statistiken

Allgemein
  • Dieses Quiz wurde 91 mal gespielt
  • Das Durchschnittsergebnis liegt bei 13 aus 20
Antwortstatistiken
Hint Antwort % Korrekt
Sachsen > Mali Süden
91%
Rostock > Schweden Norden
84%
Iowa > Kanada Norden
84%
Stockholm > Oslo Westen
80%
Ljubljana > Tunis Süden
72%
Stralsund > London Westen
71%
Haiti > Arkansas Norden
68%
Kassel > Rotterdam Westen
67%
Botswana > Lesotho Süden
66%
Chicago > Kentucky Süden
66%
Thüringen > Koblenz Westen
66%
Lissabon > Porto Norden
59%
Suriname > Asuncion Süden
59%
Oman > Jerewan Norden
58%
Mount Everest > Bhutan Osten
58%
Großglockner > Wien Osten
56%
Nil > Tschad Westen
56%
Brandenburger Tor > Alexanderplatz (Berlin) Osten
47%
Hanoi > Taiwan Osten
42%
Peking > Wladiwostok Osten
18%
Keine übereinstimmenden Quizze gefunden
Verteilung der Resultate
Anzahl Personen mit jedem Resultat
Perzentil nach korrekt beantworteten Fragen
Ihre Resultats-Entwicklung
Sie haben dieses Quiz noch nicht gespielt